| 000 | 00663nam a22002177a 4500 | ||
|---|---|---|---|
| 999 |
_c173371 _d173371 |
||
| 003 | Nust | ||
| 005 | 20180724051007.0 | ||
| 008 | 170123b xxu||||| |||| 00| 0 eng d | ||
| 020 |
_a9780007121045 _cRs. 200 |
||
| 038 | _aArshad | ||
| 040 | _aNUST - Fiction | ||
| 082 |
_a823.912 _bCHR |
||
| 100 |
_a Christie, Agatha, _d1890-1976 _92976 |
||
| 245 |
_a Miss Marple's final cases / _c Agatha Christie |
||
| 260 |
_aLondon: _bHarper Collins publisher, _c1979 |
||
| 300 | _a240 p. | ||
| 650 |
_aMarple, Jane (Fictitious character) _98919 |
||
| 650 |
_aDetective and mystery stories, English _98920 |
||
| 650 |
_aShort stories, English _98058 |
||
| 942 |
_2ddc _cBK |
||